| 000 | 00651nam a2200181Ia 4500 | ||
|---|---|---|---|
| 008 | 100920s9999 xx 000 0 und d | ||
| 082 |
_b25603 _a891.464 थ 49 |
||
| 100 | _aखाडिलकर कृष्णाजी प्रभाकर. | ||
| 245 | _aखाडिलकर-स्मरणी. | ||
| 260 |
_bखाडिलकर यशवंत कृष्ण, मुंबई नं. 4. _c1949 |
||
| 300 |
_a454 _bसाधी |
||
| 365 | _b4 | ||
| 520 | _aनिबंध. | ||
| 630 | _aखाडिलकर-स्मरणी. | ||
| 650 | _aनिबंध. | ||
| 730 | _aखाडिलकर-स्मरणी. | ||
| 942 | _cBOOK | ||
| 999 |
_c683364 _d683361 |
||